00809cpmaa2200241 4500001001300000003000400013005001700017008004100034010001700075040002400092072001200116100004200128245005100170300001300221506002200234545009200256546003600348580005700384656002100441656003000462656005800492999001700550mm 79000944 DLC20260227111633.0790413|||||||||||| eng  amm 79000944  aDLCcDLCedacsdDLC 7aN2lcmd1 aCrawford, Thomas Hartley,d1786-1863.00aThomas Hartley Crawford correspondence,f1848. a1fitem.0 aOpen to research.0 aU.S. representative from Pennsylvania, U.S. commissioner of Indian affairs, and jurist. aCollection material in English. aForms part of: Miscellaneous Manuscripts collection. 7aJurists.2itoamc 7aPublic officials.2itoamc 7aRepresentatives, U.S. CongresszPennsylvania.2itoamc c40548d40548